000 00569 a2200217 4500
005 20260116153259.0
008 260114b |||||||| |||| 00| 0 eng d
020 _a9781718214538
_c$ 99.00
040 _aMAIN
082 _a796.0456
_bH219I
100 _aHardin, Robin
110 _a
245 _aIntroduction to adaptive sport and recreation
260 _bHuman Kinetics
_c2025
_aChampaign
300 _axii, 268
650 _aPhysical Education
650 _aSport-Recreation
650 _aDisability Sports
700 _aPate, Joshua R
942 _cBK
999 _c394126
_d394126